Rencontres discursives entre sciences et politique dans les médias: spécificités linguistiques et constructions sémiotiques

Saved in:
Bibliografiske detaljer
Institution som forfatter: Centre de Recherches sur les Discours Ordinaires et Spécialisés (Author)
Format: Bog
Sprog:fransk
Udgivet: París Sorbonne Nouvelle 2000
Serier:Les Carnets du Cediscor, 6
Fag:
Tags: Tilføj Tag
Ingen Tags, Vær først til at tagge denne postø!

MARC

LEADER 00000nam a2200000 a 4500
001 UCK2655
003 CL-VaPUC
008 050311e20000000FR |||||||||||||||||fre|d
020 |a 2878541995 
082 0 4 |a 401.41  |b CEN  |2 21 
110 2 |a Centre de Recherches sur les Discours Ordinaires et Spécialisés  |e author  |9 490532 
245 1 0 |a Rencontres discursives entre sciences et politique dans les médias: spécificités linguistiques et constructions sémiotiques 
300 |a 226 p 
942 |c BK 
945 |d 20050311 00:00:00  |a cmena 
260 |a París  |b Sorbonne Nouvelle  |c 2000 
650 0 |a Análisis del discurso  |9 256696 
650 0 |a Medios de comunicación  |9 257206 
650 0 |a Lingüística aplicada   |9 313266 
650 0 |a Discursos políticos  |9 373524 
650 0 |a Investigación científica  |9 259857 
583 |a last modification  |c 20050311 00:00:00  |k Rodrigo Vera 
490 0 |a Les Carnets du Cediscor, 6 
999 |c 312090  |d 312088 
952 |0 0  |1 0  |4 0  |6 401_410000000000000_CEN_2000  |7 0  |8 A  |9 381950  |a FDOPOS  |b FDOPOS  |d 2019-11-21  |i 4097130  |o 401.41 CEN 2000  |p 4097130  |r 2025-01-22  |w 2019-11-21  |y BK  |k MLA 
952 |0 0  |1 0  |4 0  |6 401_410000000000000_CEN_2000  |7 0  |8 A  |9 381951  |a FDOPOS  |b FDOPOS  |d 2019-11-21  |i 4142187  |o 401.41 CEN 2000  |p 4142187  |r 2025-01-22  |w 2019-11-21  |y BK  |k MLA